[Event "77. ljubljanska liga 2025"]
[Site "Gostovanja"]
[Date "2025.01.16"]
[Round "1.8"]
[White "Raspor, Gregor"]
[Black "Konvalinka, Kostja"]
[Result "1-0"]
[WhiteElo "1962"]
[BlackElo "1743"]
[PlyCount "59"]
[EventDate "2025.01.16"]
[WhiteTeam "SK TRZIN BUSCOTRADE"]
[BlackTeam "SK TRZIN"]

1. d4 Nf6 2. c4 e6 3. Nc3 d5 4. cxd5 exd5 5. Bg5 Be7 6. e3 Bf5 7. Bxf6 Bxf6 8.
Qb3 O-O 9. Nxd5 Be4 10. Nxf6+ Qxf6 11. f3 Bc6 12. d5 Bxd5 13. Qxd5 Qxb2 14. Qd4
Qa3 15. Qd3 Qb2 16. Rb1 Qxa2 17. Rxb7 Nc6 18. Qb1 Qa3 19. Rb3 Qc5 20. Ne2 Rfe8
21. Rc3 Qa5 22. Kf2 Ne5 23. Qc2 Qb6 24. Nd4 Qf6 25. Qf5 Qb6 26. Bb5 Re7 27.
Rhc1 Rd8 28. Qc2 Rxd4 29. exd4 Qxd4+ 30. Kf1 1-0